| 000 | 01110nam a2200217 a 4500 | ||
|---|---|---|---|
| 003 | AM-YeHGA | ||
| 040 | _aAM-YeHGA | ||
| 090 | _c432596 | ||
| 005 | 20250617155307.0 | ||
| 008 | 180322s1955 ru |||||rf||||000|0|rus|| | ||
| 041 | 0 | _arus | |
| 245 | 0 | 0 |
_aРеволюционное движение в Калужской губернии в период первой русской революции 1905-1907 годов : _bСборник документов / _cСост. В.Н. Самцова и др. ; Архивный отд., Упр. МВД. ; Гос. архив Калуж. области. |
| 260 |
_aКалуга : _bГаз. "Знамя", _c1955. |
||
| 300 |
_a240 с. ; _c21 см. |
||
| 650 | 1 | 4 | _aИстория России |
| 653 | 0 | _aРеволюция 1905-1907 гг. - Калужская губерния - Документы и материалы | |
| 700 | 1 |
_aСамцова, В.Н. _eсост. _4com |
|
| 710 | 2 |
_aАрхивный отдел. _bУправления МВД |
|
| 710 | 2 | _aГосударственный архив Калужской области | |
| 942 |
_2udc _cBK |
||
| 999 |
_c430045 _d430045 |
||